Report Of The Finance Committee On The Internal Revenue Amendment No. 2 Bill, 2013 (Record no. 5377)

MARC details
000 -LEADER
fixed length control field 00506nam a22001697a 4500
003 - CONTROL NUMBER IDENTIFIER
control field OSt
005 - DATE AND TIME OF LATEST TRANSACTION
control field 20250709111732.0
008 - FIXED-LENGTH DATA ELEMENTS--GENERAL INFORMATION
fixed length control field 250709b |||||||| |||| 00| 0 eng d
041 ## - LANGUAGE CODE
Language code of text/sound track or separate title English
082 ## - DEWEY DECIMAL CLASSIFICATION NUMBER
Classification number Acc. No. 11,277 CR/IRA/13
110 ## - MAIN ENTRY--CORPORATE NAME
Corporate name or jurisdiction name as entry element Finance Committee
245 ## - TITLE STATEMENT
Title Report Of The Finance Committee On The Internal Revenue Amendment No. 2 Bill, 2013
260 ## - PUBLICATION, DISTRIBUTION, ETC.
Place of publication, distribution, etc. Accra
Name of publisher, distributor, etc. Parliament Of Ghana
Date of publication, distribution, etc. 2013
300 ## - PHYSICAL DESCRIPTION
Extent 4P
653 ## - INDEX TERM--UNCONTROLLED
Uncontrolled term Internal Revenue Amendment No.2 Bill, 2013
942 ## - ADDED ENTRY ELEMENTS (KOHA)
Source of classification or shelving scheme Dewey Decimal Classification
Koha item type Committee Reports
Suppress in OPAC No
Holdings
Withdrawn status Lost status Source of classification or shelving scheme Damaged status Not for loan Home library Current library Shelving location Date acquired Total checkouts Full call number Date last seen Copy number Price effective from Koha item type
    Dewey Decimal Classification     Main Library Main Library Open Shelves 09/07/2025   Acc. No. 11,277 CR/IRA/13 09/07/2025 1 09/07/2025 Committee Reports
©2026  Parliament of Ghana Library - All rights reserved